000
00334nam a22001457a 4500
999
_c
4399
_d
4398
005
20210810153427.0
008
160628b xxu||||| |||| 00| 0 eng d
041
_a
eng
082
_b
10755
245
_a
Pramana, Journal of Physics
260
_b
Indian Academy of Sciences
300
_a
181
650
_a
Journal
_9
3034
942
_c
JRL